Born in Košice - Statistics

General Stats
  • This quiz has been taken 6 times
  • The average score is 8 of 12
Answer Stats
Hint Answer % Correct
YouTuber and streamer with 17,5 million subscribers to his main channel 1996 David Dobrik
100%
President of Slovakia from 1999 to 2004 1934 Rudolf Schuster
100%
Ice hockey forward who plays for the Montreal Canadiens and was selected first overall in the 2022 NHL draft 2004 Juraj Slafkovsky
83%
Tennis player and semifinalist at the Olympic Games 2024 1994 Anna Karolina Schmiedlova
67%
Ice hockey defenceman who plays for the Tampa Bay Lightning 1997 Erik Cernak
67%
Former ice hockey winger who played for the New Jersey Devils, first Slovak player to win the Stanley Cup 1978 Jiri Bicek
67%
Former Swiss tennis player and winner of five Grand Slam singles titles 1980 Martina Hingis
67%
Governor of the National Bank of Slovakia since 2019 and Minister of Finance from 2012 to 2019 1968 Peter Kazimir
67%
Footballer who plays for Espanyol and the Czech national team 1998 Alex Král
50%
Nazi sympathizer who headed the government of Hungary during the occupation by Nazi Germany 1897 Ferenc Szálasi
50%
Ice hockey right winger who played in the NHL most notably for the Detroit Red Wings 1992 Tomas Jurco
50%
Tennis player and US Open doubles semifinalist 2019 1998 Viktoria Hruncakova
50%
No matching quizzes found
Score Distribution
Percent of People with Each Score
Percentile by Number Answered
Your Score History
You have not taken this quiz